Loading...
| Science - Other | 0 | 3 | 0 | 1 | 30 | 72 | 76.67 | 0 | 1 | 8.82 | 15.33 |
| Popular Culture | 0 | 3 | 0 | 1 | 30 | 71 | 82.00 | 0 | 0 | 13.64 | 13.78 |
| Literature - British | 0 | 3 | 0 | 1 | 30 | 31 | 61.33 | 0 | 1 | 12.47 | 15.15 |
| Fine Arts - Painting and Sculpture | 0 | 3 | 0 | 1 | 30 | 19 | 66.33 | 1 | 1 | 10.64 | 15.09 |
| Social Science | 0 | 2 | 0 | 1 | 20 | 81 | 88.00 | 0 | 0 | 2.76 | 8.33 |
| Fine Arts - Classical Music | 0 | 2 | 0 | 0 | 20 | 69 | 89.50 | 0 | 2 | 4.77 | 15.38 |
| History - Other | 0 | 2 | 0 | 1 | 20 | 33 | 71.50 | 1 | 1 | 6.12 | 9.09 |
| Religion | 0 | 2 | 0 | 1 | 20 | 13 | 49.00 | 1 | 1 | 10.60 | 12.12 |
| Mythology | 0 | 2 | 1 | 1 | 15 | 58 | 86.50 | 0 | 1 | 3.48 | 7.58 |
| History - World | 0 | 1 | 0 | 1 | 10 | 68 | 68.00 | 0 | 0 | 3.20 | 2.10 |
| Literature - World | 0 | 1 | 0 | 1 | 10 | 125 | 125.00 | 0 | 0 | 0.00 | 0.76 |
| Science - Biology | 0 | 1 | 0 | 0 | 10 | 44 | 44.00 | 1 | 1 | 5.24 | 9.09 |
| Fine Arts - Other | 0 | 1 | 0 | 0 | 10 | 95 | 95.00 | 0 | 0 | 1.45 | 1.52 |
| Literature - American | 0 | 1 | 0 | 0 | 10 | 66 | 66.00 | 0 | 1 | 3.73 | 8.39 |
| Current Events | 0 | 1 | 0 | 1 | 10 | 100 | 100.00 | 0 | 0 | 1.85 | 4.17 |